Un divorcio (Record no. 36365)

MARC details
000 -LEADER
campo de control de longitud fija 00515nam a2200169 i 4500
001 - NÚMERO DE CONTROL
campo de control 36365
003 - IDENTIFICADOR DE NÚMERO DE CONTROL
campo de control ES-MaACL
005 - FECHA Y HORA DE LA ÚLTIMA TRANSACCIÓN
campo de control 20230906155344.0
007 - CAMPO FIJO DE DESCRIPCIÓN FÍSICA--INFORMACIÓN GENERAL
campo de control de longitud fija t|
008 - DATOS DE LONGITUD FIJA--INFORMACIÓN GENERAL
campo de control de longitud fija 030218s1932 sp ||||1| spa d
100 1# - ENTRADA PRINCIPAL--NOMBRE DE PERSONA
Nombre de persona Bourget, Paul (
Fechas asociadas al nombre 1852-1935)
9 (RLIN) 30991
245 13 - MENCIÓN DEL TÍTULO
Título Un divorcio
Resto del título : (novela) /
Mención de responsabilidad, etc. Paul Bourget ; traducción de F. Sarmiento.
260 ## - PUBLICACIÓN, DISTRIBUCIÓN, ETC.
Lugar de publicación, distribución, etc. Madrid :
Nombre del editor, distribuidor, etc. Bruno del Amo,
Fecha de publicación, distribución, etc. 1932 (
Fabricante Imp. de L. Rubio)
300 ## - DESCRIPCIÓN FÍSICA
Extensión 254 p. ;
Dimensiones 19 cm.
700 1# - ENTRADA AGREGADA--NOMBRE PERSONAL
Nombre de persona Sarmiento, F.
9 (RLIN) 103827
852 ## - LOCALIZACIÓN
Ubicación ES-MaACL
Número de control de estantería A-675
Sublocalización o colección R.10491
Holdings
Estatus retirado Estado de pérdida Estado de daño No para préstamo Biblioteca de origen Biblioteca actual Ubicación en estantería Fecha de adquisición Fuente de adquisición Total de préstamos Signatura topográfica completa Código de barras Visto por última vez Precio de reemplazo Tipo de ítem Koha
        Biblioteca del Ateneo de Madrid Biblioteca del Ateneo de Madrid Sala Pecera Planta 1 17/01/2008     A-675 1038185 23/02/2023 23/02/2023 Libro impreso